Doctor Zhivago
Gorde:
| Egile nagusia: | |
|---|---|
| Formatua: | Liburua |
| Hizkuntza: | Undetermined |
| Argitaratua: |
London
Everyman's Library
1991
|
| Gaiak: | |
| Etiketak: |
Etiketa erantsi
Etiketarik gabe, Izan zaitez lehena erregistro honi etiketa jartzen!
|
| Thư viện lưu trữ: | Trung tâm Học liệu Trường Đại học Cần Thơ |
|---|
| LEADER | 00541nam a2200181Ia 4500 | ||
|---|---|---|---|
| 001 | CTU_33932 | ||
| 008 | 210402s9999 xx 000 0 und d | ||
| 082 | |a 891.734 | ||
| 082 | |b P291 | ||
| 100 | |a Boris Pasternak | ||
| 245 | 0 | |a Doctor Zhivago | |
| 245 | 0 | |c Boris Pasternak, Manya Harrari, Max Hayward | |
| 260 | |a London | ||
| 260 | |b Everyman's Library | ||
| 260 | |c 1991 | ||
| 650 | |a russian fiction - 20th century,russian literature - 20th century | ||
| 904 | |i Minh, 991117 | ||
| 980 | |a Trung tâm Học liệu Trường Đại học Cần Thơ | ||